[Event "Regionalliga Sued-West 1718"]
[Site "Bayern"]
[Date "2017.11.26"]
[Round "3.6"]
[White "Zeier, Robert"]
[Black "Kramer, Colin"]
[Result "1/2-1/2"]
[WhiteElo "2023"]
[BlackElo "2034"]
[PlyCount "23"]
[EventDate "2017.10.22"]
[EventType "team-tourn"]
[EventRounds "9"]
[EventCountry "GER"]
[SourceTitle "EXT 2022"]
[Source "ChessBase"]
[SourceDate "2021.10.06"]
[SourceVersion "1"]
[SourceVersionDate "2021.10.06"]
[SourceQuality "1"]
[WhiteTeam "Muenchen SC II"]
[BlackTeam "Muenchen FC Bayern"]
[WhiteTeamCountry "GER"]
[BlackTeamCountry "GER"]

1. e4 e6 2. d4 d5 3. Nc3 Bb4 4. e5 Qd7 5. Qg4 f5 6. Qg3 b6 7. a3 Bxc3+ 8. Qxc3 Bb7 9. Nf3 Ne7 10. Bd3 Nbc6 11. Qd2 h6 12. b3 1/2-1/2

[Event "Regionalliga SW 1617"]
[Site "Bayern"]
[Date "2016.12.04"]
[Round "3.7"]
[White "Schaub, Manfred"]
[Black "Kramer, Colin"]
[Result "0-1"]
[WhiteElo "1820"]
[BlackElo "2027"]
[PlyCount "132"]
[EventDate "2016.10.16"]
[EventType "team-tourn"]
[EventRounds "9"]
[EventCountry "GER"]
[SourceTitle "EXT 2019"]
[Source "ChessBase"]
[SourceDate "2018.10.10"]
[SourceVersion "1"]
[SourceVersionDate "2018.10.10"]
[SourceQuality "1"]
[WhiteTeam "Mering"]
[BlackTeam "Bayern Muenchen III"]
[WhiteTeamCountry "GER"]
[BlackTeamCountry "GER"]

1. d4 e6 2. c4 Nf6 3. a3 c5 4. d5 b5 5. Bg5 bxc4 6. Nc3 h6 7. Bxf6 Qxf6 8. e4 Ba6 9. Nf3 Bd6 10. Be2 0-0 11. 0-0 Be5 12. Nxe5 Qxe5 13. Qa4 exd5 14. exd5 Qc7 15. Bxc4 Bxc4 16. Qxc4 d6 17. b4 Nd7 18. b5 Nb6 19. Qf4 Rfe8 20. Rfe1 Re5 21. Rxe5 dxe5 22. Qe4 Rf8 23. Re1 Nd7 24. Qc4 Qa5 25. Ra1 Nb6 26. Qb3 c4 27. Qb4 Qxb4 28. axb4 Rd8 29. Rd1 f5 30. Kf1 Kf7 31. Ke2 Kf6 32. Ke3 Rd7 33. f4 g5 34. g3 h5 35. Rd2 h4 36. Rd1 hxg3 37. hxg3 gxf4+ 38. gxf4 Rh7 39. fxe5+ Kxe5 40. Kf2 Rd7 41. Kf3 Nxd5 42. Re1+ Kd4 43. Ne2+ Kd3 44. Rd1+ Kc2 45. Rc1+ Kb3 46. Rb1+ Ka3 47. Rd1 Kxb4 48. Nf4 Kc5 49. Ne6+ Kxb5 50. Rb1+ Nb4 51. Re1 Nd3 52. Rb1+ Ka4 53. Nf8 Rf7 54. Ne6 Ka3 55. Nd4 Ka2 56. Rb5 f4 57. Ke2 Nc1+ 58. Kf3 Nb3 59. Ne2 a5 60. Rb6 Kb2 61. Nd4 a4 62. Nb5 c3 63. Nxc3 Kxc3 64. Ra6 Nc5 65. Rc6 Kc4 66. Rc8 Ra7 0-1

[Event "Verbandsliga Sued Baden 1213"]
[Site "Baden"]
[Date "2013.03.24"]
[Round "8.3"]
[White "Kramer, Colin"]
[Black "Langwieser, Alexander"]
[Result "1/2-1/2"]
[WhiteElo "1943"]
[BlackElo "2097"]
[PlyCount "44"]
[EventDate "2012.10.21"]
[EventType "team-tourn"]
[EventRounds "9"]
[EventCountry "GER"]
[SourceTitle "EXT 2014"]
[Source "ChessBase"]
[SourceDate "2013.11.20"]
[SourceVersion "1"]
[SourceVersionDate "2013.11.20"]
[SourceQuality "1"]
[WhiteTeam "Iffezheim"]
[BlackTeam "Konstanz"]
[WhiteTeamCountry "GER"]
[BlackTeamCountry "GER"]

1. c4 e6 2. Nf3 d5 3. b3 Nf6 4. Bb2 Be7 5. g3 0-0 6. Bg2 Nbd7 7. 0-0 c6 8. d3 Re8 9. Nbd2 Bd6 10. Qc2 Qe7 11. e4 dxe4 12. dxe4 e5 13. Rad1 a5 14. Ne1 Ba3 15. Bxa3 Qxa3 16. Nd3 Qe7 17. c5 h6 18. a3 Nf8 19. Nc4 Ng6 20. Nb6 Ra7 21. Nb2 Be6 22. N2a4 Nf8 1/2-1/2

[Event "Verbandsliga Sued Baden 1213"]
[Site "Baden"]
[Date "2013.01.13"]
[Round "4.3"]
[White "Kramer, Colin"]
[Black "Hurst, Peter"]
[Result "1-0"]
[WhiteElo "1943"]
[BlackElo "2178"]
[PlyCount "117"]
[EventDate "2012.10.21"]
[EventType "team-tourn"]
[EventRounds "9"]
[EventCountry "GER"]
[SourceTitle "EXT 2014"]
[Source "ChessBase"]
[SourceDate "2013.11.20"]
[SourceVersion "1"]
[SourceVersionDate "2013.11.20"]
[SourceQuality "1"]
[WhiteTeam "Iffezheim"]
[BlackTeam "Lahr"]
[WhiteTeamCountry "GER"]
[BlackTeamCountry "GER"]

1. c4 e6 2. Nf3 d5 3. b3 f5 4. Bb2 Nf6 5. g3 Be7 6. Bg2 0-0 7. 0-0 c6 8. d3 a5 9. Nbd2 Nbd7 10. Qc2 Nc5 11. a3 Na6 12. Rad1 Bd7 13. e4 Nc7 14. Ne5 Be8 15. f4 Nd7 16. Ndf3 Nxe5 17. Nxe5 Bf6 18. Bf3 d4 19. c5 Bxe5 20. fxe5 f4 21. Kg2 fxg3 22. hxg3 Qg5 23. Bxd4 h5 24. Qd2 Qg6 25. Qe3 a4 26. b4 Nb5 27. Bb2 Rd8 28. d4 h4 29. g4 Rd7 30. g5 Qh7 31. Bg4 Nc7 32. Rxf8+ Kxf8 33. Rf1+ Rf7 34. Rxf7+ Bxf7 35. Kh3 Ke7 36. Bd1 Bg6 37. Bc2 Bh5 38. Qf2 g6 39. Qf6+ Kd7 40. Qf2 Qe7 41. Kxh4 Ne8 42. Bxa4 Kc7 43. Bb3 Kb8 44. Qf1 Qh7 45. Kg3 Ng7 46. Bc1 Be2 47. Qxe2 Qh1 48. Qe3 Nh5+ 49. Kf2 Qh2+ 50. Ke1 Ng3 51. Bc4 Qh4 52. Kd1 Nxe4 53. Bxe6 Ng3 54. Kc2 Nf1 55. Qf4 Qe1 56. Bc4 Ng3 57. Bd2 Qg1 58. e6+ Ka7 59. e7 1-0

[Event "Verbandsliga Sued Baden 1213"]
[Site "Baden"]
[Date "2012.12.16"]
[Round "3.3"]
[White "Schmidt, Ralf"]
[Black "Kramer, Colin"]
[Result "1/2-1/2"]
[WhiteElo "2128"]
[BlackElo "1943"]
[PlyCount "102"]
[EventDate "2012.10.21"]
[EventType "team-tourn"]
[EventRounds "9"]
[EventCountry "GER"]
[SourceTitle "EXT 2014"]
[Source "ChessBase"]
[SourceDate "2013.11.20"]
[SourceVersion "1"]
[SourceVersionDate "2013.11.20"]
[SourceQuality "1"]
[WhiteTeam "Oberwinden"]
[BlackTeam "Iffezheim"]
[WhiteTeamCountry "GER"]
[BlackTeamCountry "GER"]

1. e4 e6 2. d3 d5 3. Nd2 c5 4. Ngf3 Nc6 5. g3 Be7 6. Bg2 Nf6 7. 0-0 0-0 8. Re1 b5 9. e5 Nd7 10. Nf1 a5 11. h4 Ba6 12. N1h2 a4 13. a3 c4 14. d4 b4 15. axb4 Nxb4 16. Rxa4 Bb5 17. Rxa8 Qxa8 18. Bf1 Qa4 19. c3 Nc2 20. Re2 Na1 21. Qe1 Nb3 22. Bg5 Bxg5 23. hxg5 Qa1 24. Qxa1 Nxa1 25. Nd2 Ba4 26. Re1 Nb3 27. Nxb3 Bxb3 28. Ra1 Rb8 29. Nf3 Bc2 30. Ra7 Nf8 31. Ne1 Rxb2 32. Nxc2 Rxc2 33. Ra3 g6 34. Kg2 Nd7 35. Kf3 Kg7 36. Ke3 Nb6 37. Be2 h6 38. gxh6+ Kxh6 39. Bd1 Rb2 40. Ra7 Kg7 41. Bg4 Kf8 42. Bd1 Kg7 43. f4 Nc8 44. Rc7 Rb8 45. g4 Kf8 46. Bc2 Ne7 47. Kd2 Ra8 48. Kc1 Ra1+ 49. Bb1 Ra3 50. Kd2 Rb3 51. Bc2 Ra3 1/2-1/2

[Event "Verbandsliga Sued Baden 1011"]
[Site "Baden"]
[Date "2011.01.23"]
[Round "5.4"]
[White "Steiger, Wolfgang"]
[Black "Kramer, Colin"]
[Result "1-0"]
[WhiteElo "2297"]
[BlackElo "1969"]
[PlyCount "105"]
[EventDate "2010.10.17"]
[EventType "team-tourn"]
[EventRounds "9"]
[EventCountry "GER"]
[SourceTitle "EXT 2012"]
[Source "ChessBase"]
[SourceDate "2011.11.24"]
[SourceVersion "1"]
[SourceVersionDate "2011.11.24"]
[SourceQuality "1"]
[WhiteTeam "Gottmadingen"]
[BlackTeam "Iffezheim"]
[WhiteTeamCountry "GER"]
[BlackTeamCountry "GER"]

1. c4 Nf6 2. Nc3 c5 3. Nf3 Nc6 4. g3 g6 5. d4 cxd4 6. Nxd4 Bg7 7. Bg2 0-0 8. 0-0 a6 9. c5 Qc7 10. Nb3 b6 11. Bf4 Qa7 12. cxb6 Qxb6 13. Rc1 Nh5 14. Be3 Qd8 15. g4 Nf6 16. h3 Rb8 17. Bf4 Rb4 18. Qd2 Na5 19. Nxa5 Qxa5 20. a3 Rb3 21. Nd5 Qxd2 22. Nxe7+ Kh8 23. Bxd2 Bb7 24. Bxb7 Rxb7 25. Bb4 Re8 26. Rfd1 h6 27. Rc8 Rxc8 28. Nxc8 a5 29. Bxa5 Rxb2 30. Rd2 Rb3 31. Rd3 Rb2 32. Rd2 Rb3 33. Rd3 Rb2 34. Kf1 d5 35. Bc3 Ra2 36. Bb4 Rc2 37. Nb6 h5 38. Nxd5 hxg4 39. Nxf6 Bxf6 40. hxg4 Ra2 41. Rd2 Ra1+ 42. Kg2 Kg8 43. f4 Rb1 44. e4 Ba1 45. Rd8+ Kg7 46. e5 g5 47. Be7 Rb2+ 48. Kf3 gxf4 49. Bf6+ Kg6 50. Rg8+ Kh6 51. Ke4 Kh7 52. Rg7+ Kh6 53. Kf5 1-0